000 00621nam a22002297a 4500
001 00260
003 DO-SdBNP
005 20231103092357.0
008 151125b1987 nyu | 00| 0 eng d
020 _a0385295278
040 _aBPMSU
_bspa
_cBPMSU
041 _aeng
082 4 _a813.5
_bS813f 1987
_222
100 1 _a Steel, Danielle,
_d1947-.
245 1 0 _a Fine things /
_cDanielle Steel
_b
260 _aNew York, N.Y. :
_bDelacorte Press,
_c1987
300 _a397 p. ;
_c23 cm.
590 _aInventariado,2023/VM
650 4 _aNovela estadounidense
910 _aVMateo V. Control de calidad. BPMSU
942 _2ddc
_cBK
999 _c14483
_d14483